000 00757nas a2200241Ia 4500
001 R224/E8414
003 IT-RoPAU
008 151124c99999999xx |||||||||||| ||und||
040 _aIT-RoPAU
040 _cIT-RoPAU
041 _aITALIANO
100 _aVacca Gianluca
_gCodice Aut. SPICS: 49400
210 _aBERENICE
222 _aBerenice
245 _aBERENICE, ANNO 05-N.13 (MARZO 1997)
_bMotivi Esoterici Nell'Editoria Italiana Del Primo Novecento
250 _a1a ed.
260 _aL'AQUILA
_bANGELUS NOVUS
_c1997
501 _bPaulus - SPICS - Società San Paolo EM (non-commercial uses only)
_cCopyright2015
300 _a7 p. [42-48]
362 _aANNO 005, N.13 (MARZO 1997)
650 _aESTETICA
_vPUBBLICAZIONE PERIODICA
942 _cCR
999 _c118670
_d118670